First Vowel 'U' Countries Quiz Stats

Quiz Updated Oct 16, 2017

Challenge
Share
Tweet
Embed
Score 0/27 Timer 05:00
16 Plays Today
Country % Correct
United States
90.4%
United Kingdom
89.8%
Uruguay
86.3%
Uganda
80.4%
Uzbekistan
79%
United Arab Emirates
78.1%
Russia
70.5%
Turkey
70.1%
Ukraine
68.7%
Burundi
63.8%
Turkmenistan
63.5%
Hungary
62.8%
Bulgaria
62.2%
Sudan
60.9%
Country % Correct
Tuvalu
60.7%
Cuba
60.2%
Guyana
59.9%
Bhutan
59.4%
Guinea
58.9%
Suriname
56.3%
Guinea-Bissau
53.8%
Tunisia
50.4%
Brunei
50.3%
Luxembourg
50.1%
Guatemala
49%
Kuwait
48.4%
Burkina Faso
48.2%

You're not logged in!

Compare scores with friends on all Sporcle quizzes.
Sign Up with Email
OR
Log In

You Might Also Like...

Show Comments

Extras

Top Quizzes Today


Score Distribution

Your Account Isn't Verified!

In order to create a playlist on Sporcle, you need to verify the email address you used during registration. Go to your Sporcle Settings to finish the process.